LEADER 01081nam a2200241 i 4500 001 991002706549707536 008 150318s1975 sp a 001 0 eng d 035 $ab14219566-39ule_inst 040 $aDip. di Studi Umanistici$bita 100 1 $aGaya Nuņo, Juan Antonio$0388834 245 10$aPicasso /$cJuan Antonio Gaya Nuņo 250 $a3. ed. 260 $aMadrid :$bAguilar,$c1975 300 $a2 v. :$bill. ;$c35 cm 505 0 $av. 1: Texto, 452 ilustraciones -136 in color-, indice de obra, indice de personas.-- v. 2: 216 diapositivas, fichas technicas 600 10$aPicasso, Pablo$d<1881-1973> 907 $a.b14219566$b18-03-15$c18-03-15 912 $a991002706549707536 945 $aLE012 759.6 GAY 01.01$cv. 1$g1$i2007000258644$lle012$nLE007 2015 Pregresso$op$pE20.00$q-$rl$s- $t0$u0$v0$w0$x0$y.i1566238x$z18-03-15 945 $aLE012 759.6 GAY 01.01$cv. 2$g1$i2007000258651$lle012$nLE007 2015 Pregresso$op$pE20.00$q-$rn$s- $t0$u0$v0$w0$x0$y.i15662391$z18-03-15 996 $aPicasso$9256379 997 $aUNISALENTO 998 $ale012$b18-03-15$cm$da $e-$fspa$gsp $h0$i0